Visualizzazione normale
Vista MARC
- Vaticano
di Geographic Name
Records bibliografici associati: 2
001 - CONTROL NUMBER
- control field: 52247
003 - CONTROL NUMBER IDENTIFIER
- control field: IT-RoINE
005 - DATE AND TIME OF LATEST TRANSACTION
- control field: 20180914045002.0
008 - FIXED-LENGTH DATA ELEMENTS
- fixed length control field: 180914|| aca||aabn | a|a d
040 ## - CATALOGING SOURCE
- Original cataloging agency: IT-RoINE
- Transcribing agency: IT-RoINE
151 ## - HEADING--GEOGRAPHIC NAME
- Geographic name: Vaticano
- General subdivision: Historia
- Chronological subdivision: Siglos 8o.-11o.
670 ## - SOURCE DATA FOUND
- Source citation: Work cat.: (IT-RoINE)26372: Duchesne, Louis, 26905 1843-1922, I primi tempi dello Stato pontificio / , 1947.